000 01362nam a2200301 i 4500
003 DO-SdBNP
005 20250410141833.0
007 ta
008 250410b2024 dr ad||| |||| 00| 0 spa d
020 _a9789945223941
040 _aDO-SdBNP
_bspa
_cBNPHU
_erda
041 _aspa
082 4 _a0
_bJ61p
_222
100 _aJiménez Santos, Celedonio,
_eautor
_4aut.
_914500
245 1 0 _aPara entender y reducir la violencia en le República Dominicana /
_cCeledonio Jiménez Santos.
250 _aPrimera edición
264 _aSanto Domingo :
_bEditora Búho,
_c2024.
300 _a154 páginas :
_b153 páginas : cuadros, gráficos ;
_c22 cm.
336 _atexto
_btxt
_2rdacontent
337 _asin mediación
_bn
_2rdamedia
338 _avolumen
_bnc
_2rdacarrier
500 _aIncluye referencias bibliográficas y notas al pie de las páginas
500 _aIncluye datos biográficos de la autora en las solapas
505 _aPresentación --
_rLeopoldo Artiles Gil --
_tIntroducción --
_tConceptualización sobre la violencia --
_tTipos de violencia --
_tÁmbitos y manifestaciones de la violencia en la República Dominicana --
_tIncapacidad y dificultades para la resolución de conflictos --
_tPerspectivas, fundamentos y propuestas para atacar efectivamente la violencia.
590 _aInventariado, 2025 / LP
910 _aLP
942 _2ddc
_cLBS1
999 _c58265
_d58265